Statistics for Countries of Africa With the Letter Y

Click here to take the quiz!

General Stats

  • This quiz has been taken 64 times
  • The average score is 4 of 5

Answer Stats

Countries% Correct
Kenya
93%
Egypt
91%
Libya
82%
Seychelles
79%
Ivory Coast
77%

Score Distribution

Percentile by Number Answered

Percent of People with Each Score

Your Score History

You have not taken this quiz